Fire Emblem Engage Chapters (DLC included) - Statistics

General Stats
  • This quiz has been taken 9 times
  • The average score is 15 of 54
Answer Stats
Chapter Hint Answer % Correct
Chapter 2 Mock Battle with Lumera Queen Lumera
67%
Paralogue 2 Anna's Chapter Mysterious Merchant
50%
Paralogue 4 Lyn's Chapter The Lady of the Plains
50%
Chapter 26 Final Battle Against Sombron The Last Engage
50%
Paralogue 5 Ike's Chapter The Radiant Hero
50%
Paralogue 1 Jean's Chapter Budding Talent
33%
Chapter 15 Meeting Seadall Dancer in the Ruins
33%
Chapter 7 Meeting Hortensia, Rosado & Goldmary Dark Emblem
33%
Chapter 13 Meeting Timera, Panette & Merrin Heroes of the Oasis
33%
Chapter 8 Meeting Diamant & Amber Kingdom of Might
33%
Chapter 5 Attack on Firene Castle Retaking the Castle
33%
Chapter 11 Fleeing Elusia through the Forest Retreat
33%
Chapter 16 Rosado and Goldmary join the Team Seashore Travels
33%
Chapter 17 Battle against Velye in Florra Port Serenity in Ruin
33%
Paralogue 15 Alear's Chapter The Connector
33%
Paralogue 7 Corrin's Chapter The Crux of Fate
33%
Paralogue 11 Micaiah's Chapter The Dawn Maiden
33%
Chapter 19 Battle against Mauvier and Marni in Elusia The Dead Town
33%
Divine Paralogue 2 Camilla's Chapter The Doting Sister
33%
Paralogue 3 Lucina's Chapter The Exalt
33%
Chapter 22 Fighting with Corrupted Alear The Fell & the Divine
33%
Chapter 10 Alear loses the Emblems to Velye The Fell Dragon Sombron
33%
Chapter 25 Battle against Corrupted Lumera The Final Guardian
33%
Chapter 23 Death of Zephia & Griss The Four Hounds
33%
Paralogue 14 Marth's Chapter The Hero-King
33%
Paralogue 6 Byleth's Chapter The Instructor
33%
Chapter 20 Battle in the dark against Griss The Kingless Castle
33%
Divine Paralogue 3 Soren's Chapter The Radiant Strategist
33%
Chapter 12 Meeting Fogado, Pandreo & Bunet The Sentinels
33%
Chapter 6 Meeting Yunaka The Stolen Ring
33%
Paralogue 12 Roy's Chapter The Young Lion
33%
Chapter 9 Death of King Morion A clash of Forces
17%
Chapter 4 Meeting Céline, Chloé & Louis A land in Bloom
17%
Chapter 1 Battle in Lythos Awake at Last
17%
Fell Xenologue 4 Battle between Ivy & Timerra Clash of Queens
17%
Fell Xenologue 1 Battle in Lythos Castle Dragons from Afar
17%
Chapter 3 Death of Queen Lumera Hostilities
17%
Fell Xenologue 3 Battle against Diamant & Alcryst Path to War
17%
Chapter 24 Battle against Past Alear Recollections
17%
Fell Xenologue 2 Battle against Alfred & Céline Seeds of Unrest
17%
Fell Xenologue 6 Final Battle against Nil/Rafal Seven Bracelets
17%
Divine Paralogue 1 Tiki's Chapter The Ancestor
17%
Paralogue 8 Eirika's Chapter The Azure Twins
17%
Chapter 14 Battle at Solm Castle The Battle for Solm
17%
Divine Paralogue 4 Hector's Chapter The Brash General
17%
Paralogue 13 Celica's Chapter The Caring Princess
17%
Chapter 18 Battle at Sea on the way to Elusia The Cold Voyage
17%
Prologue Alear's Dream The Emblems
17%
Fell Xenologue 5 Battle against Nil/Rafal The Fell Heir
17%
Paralogue 9 Sigurd's Chapter The Holy Knight
17%
Divine Paralogue 6 Veronica's Chapter The Lonely Heir
17%
Chapter 21 Final Battle against Veyle The Return
17%
Paralogue 10 Leif's Chapter The Sage Lord
17%
Divine Paralogue 5 Chrom and Robin's Chapter The Shepherd Exalt
17%
No matching quizzes found
Score Distribution
Percent of People with Each Score
Percentile by Number Answered
Your Score History
You have not taken this quiz